| 000 | 01080nam a22003017a 4500 | ||
|---|---|---|---|
| 001 | 5585 | ||
| 003 | FISKH | ||
| 005 | 20260403143033.0 | ||
| 008 | 241219b cb ||||| |||| 00| 0 eng d | ||
| 020 | _a9780439861304 | ||
| 040 |
_aFISKH _beng _cFISKH _dFISKH |
||
| 050 | _aPZ7.R4829 | ||
| 082 | _a813.6 | ||
| 100 | _aRiordan, Rick | ||
| 245 |
_aThe lightning thief / _cby Rick Riordan |
||
| 250 | _aFirst scholastic printing , March 2006 | ||
| 260 |
_aNew York : _bScholastic ; _c2005. |
||
| 300 |
_a375 pages : _billustrations ; _c20 cm . |
||
| 490 | _aPercy Jackson and the Olympians | ||
| 505 | _aR | ||
| 520 | _aAfter learning that he is the son of a mortal woman and Poseidon, god of the sea, twelve-year-old Percy is sent to a summer camp for demigods like himself, and joins his new friends on a quest to prevent a war between the gods. | ||
| 521 | 8 |
_a680
_bLexile |
|
| 521 | 8 |
_aR
_bRaz-Plus |
|
| 650 |
_aPercy Jackson and the Olympians _vFiction |
||
| 700 |
_aAguilera Ballester, Libertad _eillustrator |
||
| 942 |
_2ddc _cBK _n0 |
||
| 999 |
_c5585 _d5585 |
||